[Event "BL 9293 Erfurt-Delmenhorst"]
[Site "?"]
[Date "1993.??.??"]
[Round "?.8"]
[White "Troyke, C."]
[Black "Ditt, E."]
[Result "1-0"]
[WhiteElo "2340"]
[BlackElo "2295"]
[PlyCount "99"]
[EventDate "1993.??.??"]

1. g3 f5 2. Bg2 Nf6 3. c4 g6 4. Nc3 Bg7 5. e3 O-O 6. Nge2 d6 7. O-O c6 8. d3 a5
9. b3 Na6 10. Bb2 e5 11. Qd2 Qc7 12. d4 Be6 13. d5 Bf7 14. Rad1 Rfd8 15. e4
cxd5 16. cxd5 fxe4 17. Nxe4 Nxe4 18. Bxe4 Qb6 19. Bg2 a4 20. bxa4 Nc5 21. Rb1
Qa5 22. Qxa5 Rxa5 23. Ba3 Rxa4 24. Bxc5 dxc5 25. Nc3 Rc4 26. Rb3 e4 27. Nxe4
Bxd5 28. Ng5 Rc2 29. Bxd5+ Rxd5 30. h4 Rd7 31. Re1 Bf6 32. Re8+ Kg7 33. Rb8 c4
34. R3xb7 Rxb7 35. Rxb7+ Kg8 36. Rb8+ Kg7 37. Rb7+ Kg8 38. Ne4 Bd4 39. Rd7 Be5
40. Rd5 Rc1+ 41. Kg2 Bb2 42. Rd7 h5 43. Rc7 Be5 44. Rc5 Bd4 45. Rc6 Kf7 46.
Rxc4 Rd1 47. Rc6 Be5 48. Ra6 Re1 49. Ng5+ Kg7 50. Nf3 1-0

[Event "BL 9293 HSK-Erfurt"]
[Site "?"]
[Date "1993.??.??"]
[Round "?.3"]
[White "Mueller, Mat"]
[Black "Ftacnik, L."]
[Result "1/2-1/2"]
[WhiteElo "2395"]
[BlackElo "2535"]
[PlyCount "39"]
[EventDate "1993.??.??"]

1. e4 c5 2. Nf3 d6 3. d4 cxd4 4. Nxd4 Nf6 5. Nc3 a6 6. Bg5 e6 7. f4 Qb6 8. Qd2
Qxb2 9. Rb1 Qa3 10. f5 Nc6 11. fxe6 fxe6 12. Nxc6 bxc6 13. Be2 Be7 14. O-O O-O
15. Rb3 Qc5+ 16. Be3 Qe5 17. Bd4 Qa5 18. Bb6 Qe5 19. Bd4 Qa5 20. Bb6 1/2-1/2

[Event "BL 9293 HSK-Erfurt"]
[Site "?"]
[Date "1993.??.??"]
[Round "?.4"]
[White "Mueller, Ka"]
[Black "Maiwald, JU."]
[Result "1/2-1/2"]
[WhiteElo "2490"]
[BlackElo "2400"]
[PlyCount "100"]
[EventDate "1993.??.??"]

1. e4 e6 2. d4 d5 3. Nd2 c5 4. Ngf3 Nc6 5. exd5 exd5 6. Be2 cxd4 7. O-O Be7 8.
Nb3 Bf6 9. Nbxd4 Nge7 10. h3 O-O 11. Be3 Re8 12. Bd3 Ng6 13. c3 Nce5 14. Nxe5
Nxe5 15. Re1 Bd7 16. Nf3 Nc4 17. Bxc4 dxc4 18. Qd5 Qc7 19. Bd4 Be6 20. Qh5 Bxd4
21. Nxd4 Bd7 22. Qd5 Rad8 23. Rxe8+ Rxe8 24. Rd1 Ba4 25. b3 Rd8 26. Qf3 cxb3
27. axb3 Bc6 28. Nxc6 Rxd1+ 29. Qxd1 bxc6 30. b4 g6 31. Qe2 h5 32. Qe3 Qd7 33.
h4 Qd1+ 34. Kh2 Qd7 35. g3 Qc7 36. Kg2 Qd7 37. Qc5 Kg7 38. Qe5+ f6 39. Qc5 Kf7
40. Kf3 Qd1+ 41. Ke3 Qc1+ 42. Ke4 Qc2+ 43. Kf4 Qd2+ 44. Qe3 Qd6+ 45. Kf3 Qd1+
46. Kg2 Qd7 47. Qh6 Qd5+ 48. Kg1 Qd1+ 49. Kg2 Qd5+ 50. Kg1 Qd1+ 1/2-1/2

[Event "BL 9293 HSK-Erfurt"]
[Site "?"]
[Date "1993.??.??"]
[Round "?.5"]
[White "Schwarz, M."]
[Black "Maus, So"]
[Result "1/2-1/2"]
[WhiteElo "2385"]
[BlackElo "2420"]
[PlyCount "108"]
[EventDate "1993.??.??"]

1. Nf3 g6 2. g3 Bg7 3. Bg2 e5 4. d4 e4 5. Ng5 d5 6. O-O Nf6 7. f3 exf3 8. Nxf3
O-O 9. Nc3 Nc6 10. Ne5 Nxe5 11. dxe5 Ng4 12. Qxd5 Qe7 13. Ne4 c6 14. Qd6 Qxe5
15. c3 Qa5 16. h3 Qb6+ 17. Qc5 Ne5 18. Kh2 Be6 19. Qe7 h6 20. Nf6+ Kh8 21. b3
Rfd8 22. Ne4 g5 23. Ba3 Ng6 24. Qc5 Rd5 25. Qf2 Rf5 26. Qg1 Qxg1+ 27. Rxg1 Be5
28. Bd6 Bd5 29. Rgf1 Rxf1 30. Bxe5+ Nxe5 31. Rxf1 Kg7 32. Nc5 Bxg2 33. Kxg2 b6
34. Nd3 Ng6 35. Kf2 Rd8 36. Rd1 f5 37. Nb2 Rxd1 38. Nxd1 Kf6 39. Ne3 h5 40. Nc4
Ke6 41. e3 h4 42. Nd2 hxg3+ 43. Kxg3 Ne5 44. c4 b5 45. cxb5 cxb5 46. a3 Kd5 47.
h4 gxh4+ 48. Kxh4 Nf7 49. Kg3 Ke5 50. Kf3 Nd6 51. Ke2 Kd5 52. Kd3 a5 53. a4 b4
54. Ke2 Nb7 1/2-1/2

[Event "BL 9293 HSK-Erfurt"]
[Site "?"]
[Date "1993.??.??"]
[Round "?.6"]
[White "Michaelsen, N."]
[Black "Brueggemann, Joa"]
[Result "1-0"]
[WhiteElo "2415"]
[BlackElo "2330"]
[PlyCount "59"]
[EventDate "1993.??.??"]

1. d4 d5 2. c4 e6 3. Nf3 Nf6 4. Bg5 Be7 5. Nc3 O-O 6. e3 b6 7. Rc1 Bb7 8. cxd5
exd5 9. Bd3 Nbd7 10. O-O c5 11. Bf5 c4 12. Ne5 g6 13. Bh3 Nxe5 14. dxe5 Ne4 15.
Nxe4 dxe4 16. Bh6 Qxd1 17. Rfxd1 Rfd8 18. Bd7 b5 19. Bxb5 Bd5 20. h3 Rac8 21.
Rd4 Bc5 22. Rd2 Be7 23. Ba6 Rc5 24. Rcd1 g5 25. Bb7 Rb8 26. Rxd5 Rxd5 27. Bxd5
Rb6 28. e6 fxe6 29. Bxe4 Kf7 30. h4 1-0

[Event "BL 9293 HSK-Erfurt"]
[Site "?"]
[Date "1993.??.??"]
[Round "?.7"]
[White "Voekler, B."]
[Black "Reefschlaeger, H."]
[Result "0-1"]
[WhiteElo "2335"]
[BlackElo "2395"]
[PlyCount "82"]
[EventDate "1993.??.??"]

1. e4 d5 2. exd5 Qxd5 3. Nc3 Qa5 4. d4 Nf6 5. Bc4 Bf5 6. Nge2 e6 7. O-O c6 8.
Ng3 Bg6 9. Re1 Bb4 10. Bd2 O-O 11. a3 Bxc3 12. Bxc3 Qc7 13. Bd3 Bxd3 14. Qxd3
Nbd7 15. Qf3 Rfd8 16. Rad1 Nf8 17. Rd3 Ng6 18. Bd2 Nh4 19. Qe2 h6 20. b4 b5 21.
Ne4 Nxe4 22. Qxe4 Ng6 23. c3 Rd5 24. Rg3 Rf5 25. Qc2 Qd6 26. Be3 a5 27. Rc1
axb4 28. cxb4 Rxa3 29. Qxc6 Qxc6 30. Rxc6 Rd5 31. Rc8+ Kh7 32. h3 Ra1+ 33. Kh2
Rb1 34. Rf3 f5 35. Rc6 Nh4 36. Rg3 f4 37. Bxf4 Nf5 38. Ra3 Rxd4 39. Be3 Rdd1
40. g3 e5 41. Rc5 e4 0-1

[Event "BL 9293 HSK-Erfurt"]
[Site "?"]
[Date "1993.??.??"]
[Round "?.8"]
[White "Sievers, S."]
[Black "Troyke, C."]
[Result "1/2-1/2"]
[WhiteElo "2340"]
[BlackElo "2340"]
[PlyCount "80"]
[EventDate "1993.??.??"]

1. e4 c5 2. Nf3 Nc6 3. d4 cxd4 4. Nxd4 g6 5. c4 Bg7 6. Be3 Nf6 7. Nc3 O-O 8.
Be2 d6 9. O-O Bd7 10. Qd2 Nxd4 11. Bxd4 Bc6 12. f3 a5 13. b3 Nd7 14. Bf2 Nc5
15. Rab1 b6 16. Rfd1 Ra7 17. Nd5 Rd7 18. b4 axb4 19. Rxb4 Bxd5 20. cxd5 Ra7 21.
Rdb1 Qa8 22. Bc4 Ra4 23. Qc2 Rxb4 24. Rxb4 Rb8 25. Qb1 Na4 26. g3 Nc3 27. Qb3
b5 28. a3 Qa5 29. Bf1 Ra8 30. a4 Nxa4 31. Rxb5 Qc3 32. Rb8+ Rxb8 33. Qxb8+ Bf8
34. Kg2 Nc5 35. h4 h5 36. Qb5 Bg7 37. Qe8+ Bf8 38. Bb5 Nd3 39. Bxd3 Qxd3 40.
Qc8 Qe2 1/2-1/2

[Event "BL 9293 Delmenhorst-Dresden"]
[Site "?"]
[Date "1993.??.??"]
[Round "?.2"]
[White "Pekarek, A."]
[Black "Uhlmann, W."]
[Result "1/2-1/2"]
[WhiteElo "2440"]
[BlackElo "2500"]
[PlyCount "69"]
[EventDate "1993.??.??"]

1. d4 Nf6 2. c4 g6 3. Nc3 Bg7 4. e4 d6 5. Be2 O-O 6. Nf3 e5 7. O-O Nc6 8. d5
Ne7 9. Ne1 Nd7 10. Be3 f5 11. f3 f4 12. Bf2 g5 13. a4 h5 14. a5 Rf6 15. b4 Rg6
16. c5 Nf6 17. b5 g4 18. Kh1 g3 19. Bg1 gxh2 20. Bf2 dxc5 21. Bxc5 Ne8 22. b6
axb6 23. axb6 Rxa1 24. Qxa1 cxb6 25. Bf2 Kh7 26. Qa8 Ng8 27. Nb5 Nc7 28. Nxc7
Qxc7 29. Nd3 Qc2 30. Re1 Bd7 31. Qxb7 Bb5 32. Nxe5 Rd6 33. Nf7 Rg6 34. Ne5 Rd6
35. Nf7 1/2-1/2

[Event "BL 9293 Delmenhorst-Dresden"]
[Site "?"]
[Date "1993.??.??"]
[Round "?.3"]
[White "Dobrovolsky, L."]
[Black "Hermann, Man"]
[Result "1/2-1/2"]
[WhiteElo "2405"]
[BlackElo "2400"]
[PlyCount "66"]
[EventDate "1993.??.??"]

1. e4 e5 2. Nf3 Nc6 3. Bc4 Nf6 4. d3 d5 5. exd5 Nxd5 6. O-O Be7 7. Re1 Nb6 8.
Bb3 Bg4 9. h3 Bh5 10. g4 Bg6 11. Nxe5 Nxe5 12. Rxe5 O-O 13. Nc3 Kh8 14. Qf1 f5
15. Qg2 Bd6 16. Re2 c6 17. Bd2 Nd7 18. Rae1 Nc5 19. gxf5 Bxf5 20. Ne4 Bxe4 21.
dxe4 Be5 22. Bc3 Qe7 23. Bxe5 Qxe5 24. Qg3 Rf4 25. Qc3 Qxc3 26. bxc3 Re8 27. e5
g6 28. Kg2 Kg7 29. Rd1 Rf5 30. e6 Re7 31. h4 h6 32. Kg3 Kf6 33. f4 Nxb3 1/2-1/2

[Event "BL 9293 Delmenhorst-Dresden"]
[Site "?"]
[Date "1993.??.??"]
[Round "?.4"]
[White "Borik, O."]
[Black "Kaminski, U."]
[Result "1-0"]
[WhiteElo "2390"]
[BlackElo "2400"]
[PlyCount "107"]
[EventDate "1993.??.??"]

1. d4 Nf6 2. c4 g6 3. Nc3 Bg7 4. e4 d6 5. Nf3 O-O 6. Be2 e5 7. O-O Nc6 8. d5
Ne7 9. Ne1 Nd7 10. Be3 f5 11. f3 f4 12. Bf2 g5 13. a4 Nf6 14. c5 Ng6 15. a5 h5
16. Nb5 a6 17. Na3 g4 18. cxd6 g3 19. hxg3 fxg3 20. Bxg3 cxd6 21. Nc4 h4 22.
Bh2 Nh5 23. Nd3 Bh6 24. Rf2 Ng3 25. Bf1 Nf4 26. Rc2 Nxd3 27. Qxd3 Rf6 28. Nb6
Rb8 29. Ra3 Bd7 30. Qc3 Nxf1 31. Kxf1 Bb5+ 32. Kg1 Rf7 33. Qe1 Qf6 34. Rac3
Rbf8 35. Kh1 Rg7 36. Rc7 Rff7 37. Rxf7 Rxf7 38. Nc4 Rg7 39. Ne3 Bd7 40. Qf2 Bf4
41. Nf1 Qg5 42. Rc7 Bg3 43. Nxg3 hxg3 44. Bxg3 Qd8 45. Rxb7 Qxa5 46. Bh4 Qa4
47. Rb8+ Be8 48. Kh2 Qd7 49. Rd8 Qf7 50. Rxd6 Qf4+ 51. g3 Qc1 52. Rd8 Kf8 53.
Qb6 Qd2+ 54. Kh3 1-0

[Event "BL 9293 Delmenhorst-Dresden"]
[Site "?"]
[Date "1993.??.??"]
[Round "?.5"]
[White "Goldberg, A."]
[Black "Breutigam, M."]
[Result "1-0"]
[WhiteElo "2365"]
[BlackElo "2320"]
[PlyCount "151"]
[EventDate "1993.??.??"]

1. e4 e6 2. d4 d5 3. Nc3 Nf6 4. Bg5 Be7 5. e5 Nfd7 6. h4 Bxg5 7. hxg5 Qxg5 8.
Nh3 Qd8 9. Qg4 g6 10. Ng5 Nf8 11. Rh6 a6 12. O-O-O Nc6 13. Rd3 f5 14. Qh4 Bd7
15. g4 fxg4 16. Qxg4 Ne7 17. Rh1 h5 18. Qf4 Nf5 19. Bh3 Qe7 20. Bxf5 gxf5 21.
Rdh3 Ng6 22. Qd2 h4 23. f4 O-O-O 24. Nf3 Rh6 25. Qh2 Rdh8 26. Nd1 b6 27. Ne3
Kb7 28. Ng2 c5 29. Ngxh4 Nxh4 30. Rxh4 Rxh4 31. Nxh4 cxd4 32. Qg3 Rc8 33. Rd1
Qc5 34. Qf2 d3 35. Qxc5 bxc5 36. Rxd3 Rg8 37. Rb3+ Kc7 38. Ra3 Bc8 39. Nf3 Rg4
40. Ng5 Rxf4 41. Rh3 Rg4 42. Rh7+ Kc6 43. Nf7 Rg8 44. Kd2 Bd7 45. c3 a5 46. b3
d4 47. c4 Kb6 48. Nd6 Bc6 49. Re7 f4 50. Rxe6 f3 51. Rf6 Rg2+ 52. Kd3 Re2 53.
Rf7 Ka6 54. Rc7 Kb6 55. Rf7 Ka6 56. Rc7 Be4+ 57. Nxe4 Re3+ 58. Kd2 Rxe4 59.
Rxc5 Rf4 60. Rc6+ Kb7 61. Rf6 Re4 62. Rxf3 Rxe5 63. Kd3 Rh5 64. Kxd4 Rh4+ 65.
Kc3 Rh2 66. a3 Ra2 67. Rf7+ Kb6 68. Rf6+ Kb7 69. c5 a4 70. b4 Rxa3+ 71. Kc4 Rh3
72. Rf7+ Kb8 73. Kb5 a3 74. Kb6 Rh6+ 75. c6 Rh8 76. Rb7+ 1-0

[Event "BL 9293 Delmenhorst-Dresden"]
[Site "?"]
[Date "1993.??.??"]
[Round "?.6"]
[White "Meyer, Ho"]
[Black "Heinatz, T."]
[Result "0-1"]
[WhiteElo "2330"]
[BlackElo "2365"]
[PlyCount "90"]
[EventDate "1993.??.??"]

1. d4 Nf6 2. c4 g6 3. Nc3 Bg7 4. e4 d6 5. Nf3 O-O 6. Be2 e5 7. O-O Na6 8. Re1
c6 9. Rb1 Qe7 10. Bf1 Bg4 11. d5 cxd5 12. cxd5 Nb4 13. Qa4 a5 14. Nd2 b5 15.
Nxb5 Nd7 16. f3 Nc5 17. Qd1 Bd7 18. Nc3 Nbd3 19. Bxd3 Nxd3 20. Re3 Nxc1 21.
Rxc1 Bh6 22. Re2 Rfb8 23. Rb1 Bc8 24. Nf1 Rb4 25. Qe1 Ba6 26. Rf2 Qa7 27. Kh1
a4 28. a3 Rd4 29. Na2 Qc5 30. Nb4 Bb5 31. Rc2 Rc4 32. Rxc4 Qxc4 33. Ne3 Qd4 34.
Ng4 Bd2 35. Qh4 h5 36. Nf6+ Kg7 37. Nc6 Qd3 38. Ra1 Qe3 39. Nd7 Qg5 40. Qxg5
Bxg5 41. Ndb8 f5 42. Re1 h4 43. g4 fxg4 44. Rg1 gxf3 45. Rxg5 f2 0-1

[Event "BL 9293 Delmenhorst-Dresden"]
[Site "?"]
[Date "1993.??.??"]
[Round "?.7"]
[White "Andresen, S."]
[Black "Wesseln, K."]
[Result "1/2-1/2"]
[WhiteElo "2350"]
[BlackElo "2340"]
[PlyCount "148"]
[EventDate "1993.??.??"]

1. c4 c5 2. Nf3 Nf6 3. g3 g6 4. Bg2 Bg7 5. O-O O-O 6. d4 cxd4 7. Nxd4 Nc6 8.
Nc3 d6 9. Nxc6 bxc6 10. Bxc6 Rb8 11. Qa4 Bh3 12. Rd1 Qb6 13. Nd5 Nxd5 14. cxd5
Qb4 15. Qxb4 Rxb4 16. a3 Rb6 17. Ra2 a5 18. a4 Rfb8 19. Bb5 Rxb5 20. axb5 Rxb5
21. f3 e6 22. Kf2 h5 23. Be3 exd5 24. Bd4 Bf5 25. Bc3 Bc2 26. Rd2 Bxc3 27. Rxc2
Bd4+ 28. e3 Bc5 29. Ke2 d4 30. exd4 Bxd4 31. Rd2 Bc5 32. Rd3 Bb4 33. b3 Re5+
34. Re3 Rc5 35. Kd1 Rd5+ 36. Ke2 Rc5 37. Kd1 Rd5+ 38. Kc1 Bc5 39. Re8+ Kg7 40.
Rd2 Ba3+ 41. Kd1 Rc5 42. Rc2 Rd5+ 43. Ke2 Bb4 44. Re7 Kf6 45. Rcc7 Rd2+ 46. Ke3
Rxh2 47. Rxf7+ Ke5 48. f4+ Kd5 49. f5 gxf5 50. Rxf5+ Ke6 51. Rf3 h4 52. g4 Rg2
53. Rg7 Bc3 54. Rg6+ Kd5 55. Kf4 Be5+ 56. Kf5 Rg3 57. Rf1 Rxb3 58. Rg8 h3 59.
Ra8 Rb5 60. g5 h2 61. Ra7 Kc4 62. Ke4 Bc3 63. Rc7+ Kb3 64. Rb1+ Ka2 65. Rh1 Be5
66. Rc2+ Kb3 67. Rg2 a4 68. g6 Rb7 69. Rb1+ Ka3 70. Rf1 Rb4+ 71. Kd5 Rb7 72.
Kc6 Rg7 73. Kb5 Bc3 74. Kc4 Bb2 1/2-1/2

[Event "BL 9293 Delmenhorst-Dresden"]
[Site "?"]
[Date "1993.??.??"]
[Round "?.8"]
[White "Ditt, E."]
[Black "Wegener, D."]
[Result "1-0"]
[WhiteElo "2295"]
[BlackElo "2305"]
[PlyCount "135"]
[EventDate "1993.??.??"]

1. c4 g6 2. Nc3 Bg7 3. g3 Nf6 4. Bg2 O-O 5. Nf3 c6 6. O-O d5 7. cxd5 cxd5 8. d3
Nc6 9. Bf4 Re8 10. Ne5 e6 11. Qd2 Nd7 12. Ng4 Qe7 13. Nb5 Nde5 14. Nxe5 Bxe5
15. Bxe5 Nxe5 16. Qf4 Nc6 17. Rfc1 a6 18. Nc3 Bd7 19. Na4 b5 20. Nc5 Rec8 21.
d4 Na5 22. b3 Ra7 23. h4 Be8 24. Qd2 Nb7 25. Nd3 Raa8 26. Bf3 f6 27. Kg2 Bf7
28. Rxc8+ Rxc8 29. Rc1 Rxc1 30. Qxc1 e5 31. dxe5 fxe5 32. Nxe5 Qxe5 33. Qc8+
Kg7 34. Qxb7 Qd6 35. a4 b4 36. e3 d4 37. exd4 Qxd4 38. Qxa6 Bxb3 39. Qb7+ Bf7
40. a5 b3 41. a6 b2 42. Be4 Kf6 43. a7 b1=Q 44. Qxb1 Qxa7 45. Qb2+ Ke6 46. Qg7
Qa4 47. Bd5+ Kxd5 48. Qxf7+ Kd6 49. Qxh7 Qe4+ 50. Kh2 Qc2 51. Qf7 Ke5 52. Kh3
Qc8+ 53. Kg2 Qc2 54. Qe7+ Kd5 55. g4 Qc6 56. Kg3 Qc2 57. Qd7+ Ke5 58. Qe7+ Kd5
59. Qe3 Qb1 60. Kf4 Kd6 61. Qe5+ Kd7 62. Kg5 Qc2 63. f4 Qd1 64. Qg7+ Ke8 65.
Qxg6+ Kf8 66. Kh6 Qd4 67. f5 Qh8+ 68. Kg5 1-0

[Event "BL 9293 Bochum-Kirchheim"]
[Site "?"]
[Date "1993.??.??"]
[Round "?.1"]
[White "Haba, P."]
[Black "Glek, I."]
[Result "1/2-1/2"]
[WhiteElo "2485"]
[BlackElo "2545"]
[PlyCount "65"]
[EventDate "1993.??.??"]

1. d4 Nf6 2. c4 g6 3. Nc3 Bg7 4. e4 d6 5. f3 O-O 6. Be3 c5 7. Nge2 Nc6 8. Qd2
cxd4 9. Nxd4 Nxd4 10. Bxd4 Be6 11. Be2 Qa5 12. Rb1 Rfc8 13. b3 a6 14. a4 Qb4
15. Nd5 Qxd2+ 16. Kxd2 Bxd5 17. exd5 a5 18. Be3 Nd7 19. Rbe1 Nc5 20. Bd1 e5 21.
dxe6 Nxe6 22. Re2 d5 23. cxd5 Rd8 24. Bc2 Rxd5+ 25. Ke1 Rad8 26. Kf2 Nd4 27.
Be4 R5d7 28. Bxd4 Bxd4+ 29. Kg3 Bc5 30. Rc1 b6 31. Kh3 Rd2 32. Rxd2 Rxd2 33.
Rc3 1/2-1/2

[Event "BL 9293 Bochum-Kirchheim"]
[Site "?"]
[Date "1993.??.??"]
[Round "?.2"]
[White "Dokhoian, Y."]
[Black "Gschnitzer, O."]
[Result "1-0"]
[WhiteElo "2510"]
[BlackElo "2475"]
[PlyCount "83"]
[EventDate "1993.??.??"]

1. d4 Nf6 2. c4 e6 3. Nf3 b6 4. g3 Bb4+ 5. Bd2 a5 6. Bg2 Ba6 7. Ne5 Ra7 8. Qc2
c5 9. dxc5 Bxc5 10. Bc3 O-O 11. Nd3 Be7 12. Nd2 d5 13. Bxf6 Bxf6 14. cxd5 exd5
15. O-O Re8 16. Rfe1 Bxd3 17. exd3 Rd7 18. Qb3 Rxe1+ 19. Rxe1 g6 20. Qb5 Kg7
21. Nf3 Qc7 22. d4 Qc6 23. a4 Qxb5 24. axb5 Rc7 25. Ne5 Rc2 26. b3 Bxe5 27.
Rxe5 Nd7 28. Rxd5 Nf6 29. Rd6 Rc1+ 30. Bf1 Ne4 31. Rc6 Rb1 32. Kg2 Nd2 33. Bc4
Nxb3 34. Rxb6 Nxd4 35. Rb7 Kh8 36. b6 a4 37. Rd7 Nc6 38. b7 a3 39. Bd5 Kg7 40.
Rxf7+ Kh6 41. Bxc6 a2 42. b8=Q 1-0

[Event "BL 9293 Bochum-Kirchheim"]
[Site "?"]
[Date "1993.??.??"]
[Round "?.3"]
[White "Tompa, J."]
[Black "Schulz, KJ."]
[Result "1-0"]
[WhiteElo "2435"]
[BlackElo "2415"]
[PlyCount "169"]
[EventDate "1993.??.??"]

1. e4 c5 2. Nf3 e6 3. d4 cxd4 4. Nxd4 Nf6 5. Nc3 d6 6. Be2 Be7 7. O-O O-O 8. f4
Nc6 9. Kh1 Bd7 10. Be3 Nxd4 11. Qxd4 Bc6 12. Bf3 Qc7 13. a4 a6 14. Rad1 Rfd8
15. f5 b5 16. fxe6 fxe6 17. axb5 axb5 18. Bg5 b4 19. Bxf6 Bxf6 20. Qxb4 Be5 21.
Qc4 Qd7 22. Bg4 Re8 23. Rf2 Rac8 24. Qd3 Qe7 25. Qh3 Rb8 26. b3 Rb4 27. Rdf1
Bf6 28. Qd3 Bd7 29. Nb1 Rc8 30. c4 Ra8 31. Nd2 Ra2 32. Bd1 Rb8 33. Bc2 Be5 34.
Nf3 Qf6 35. Nxe5 Qxe5 36. Qf3 Qf6 37. Qg3 Qe5 38. Qf3 Qf6 39. Qg3 Qe5 40. Qxe5
dxe5 41. Kg1 Bc6 42. Rd1 Rf8 43. Rxf8+ Kxf8 44. Rd6 Be8 45. Bd3 Rb2 46. Rb6 Ba4
47. b4 Rd2 48. Bf1 Ke7 49. Rb7+ Kf6 50. b5 Bc2 51. c5 Bxe4 52. c6 Rc2 53. Ra7
Bd5 54. c7 e4 55. b6 e3 56. b7 Bxb7 57. Rxb7 Rc1 58. c8=Q Rxc8 59. Rb3 h6 60.
Rxe3 Rc2 61. Be2 Rc1+ 62. Kf2 Rc2 63. Kg3 Rc5 64. Bg4 Rc6 65. h3 g6 66. Bd1 Rd6
67. Bf3 Ra6 68. Rc3 h5 69. h4 Ra5 70. Rc8 Ra4 71. Rc5 Rb4 72. Bd1 Rd4 73. Bc2
Rd8 74. Rg5 Rg8 75. Be4 Rg7 76. Kf4 Rg8 77. Kf3 Rg7 78. Ke3 Rg8 79. Rg3 Rg7 80.
Rf3+ Ke5 81. Rf8 g5 82. hxg5 Rxg5 83. Bf3 h4 84. Rh8 h3 85. Rxh3 1-0

[Event "BL 9293 Bochum-Kirchheim"]
[Site "?"]
[Date "1993.??.??"]
[Round "?.4"]
[White "Backwinkel, P."]
[Black "Beckhuis, G."]
[Result "1/2-1/2"]
[WhiteElo "2405"]
[BlackElo "2195"]
[PlyCount "89"]
[EventDate "1993.??.??"]

1. d4 Nf6 2. Nf3 g6 3. Bg5 Bg7 4. Nbd2 O-O 5. e4 d6 6. c3 Nc6 7. Bb5 a6 8. Bxc6
bxc6 9. O-O a5 10. Re1 Nd7 11. Nc4 c5 12. Qd2 Bb7 13. Bh6 cxd4 14. Bxg7 Kxg7
15. cxd4 c5 16. Rad1 cxd4 17. Qxd4+ Kg8 18. Nfd2 Qc7 19. f3 Rfc8 20. Ne3 Qb6
21. Qxb6 Nxb6 22. Nb1 Na4 23. Rd2 Kf8 24. Na3 Ba6 25. b3 Nb6 26. Kf2 Rc5 27.
Rc2 Rac8 28. Rec1 Rxc2+ 29. Rxc2 Rxc2+ 30. Naxc2 e5 31. b4 a4 32. Na3 Ke7 33.
Ke1 Ke6 34. b5 Bb7 35. Nac4 Nd7 36. Kd2 Nc5 37. Na5 f5 38. Nxb7 Nxb7 39. Kc3
fxe4 40. fxe4 Nc5 41. Kb4 Nxe4 42. Kxa4 d5 43. Kb4 Nd6 44. Kc5 d4 45. Nd1
1/2-1/2

[Event "BL 9293 Bochum-Kirchheim"]
[Site "?"]
[Date "1993.??.??"]
[Round "?.5"]
[White "Biebinger, G."]
[Black "Von Gleich, A."]
[Result "0-1"]
[WhiteElo "2350"]
[BlackElo "2335"]
[PlyCount "82"]
[EventDate "1993.??.??"]

1. c4 g6 2. Nc3 Bg7 3. d4 Nf6 4. e4 d6 5. Bg5 O-O 6. Qd2 c5 7. d5 b5 8. cxb5 a6
9. f3 Qa5 10. b6 Qxb6 11. Rc1 Nbd7 12. Nh3 e6 13. dxe6 fxe6 14. Nf2 Bb7 15. Be2
Rad8 16. O-O Ne5 17. Na4 Qa7 18. Kh1 Qb8 19. b3 Kh8 20. Rfd1 Nc6 21. Bd3 Nd4
22. Qe3 Rde8 23. e5 Nd5 24. Qd2 Bxe5 25. Ne4 Nf4 26. Bh6 Rf5 27. Re1 Nxd3 28.
Qxd3 Bxh2 29. Kxh2 d5+ 30. Ng3 Rh5+ 31. Kg1 Qxg3 32. Nxc5 Qh2+ 33. Kf2 Nf5 34.
Nxb7 Qg3+ 35. Kg1 Rxh6 36. Nc5 Qh2+ 37. Kf2 Qg3+ 38. Kg1 Rh2 39. Re2 Nh4 40.
Rcc2 Nf5 41. Nxe6 Qh4 0-1

[Event "BL 9293 Bochum-Kirchheim"]
[Site "?"]
[Date "1993.??.??"]
[Round "?.6"]
[White "Luecke, N."]
[Black "Mueller, O."]
[Result "1-0"]
[WhiteElo "2410"]
[BlackElo "2345"]
[PlyCount "47"]
[EventDate "1993.??.??"]

1. e4 c5 2. Nf3 e6 3. d4 cxd4 4. Nxd4 Nf6 5. Nc3 d6 6. Be2 Be7 7. O-O O-O 8. f4
Nc6 9. Kh1 Bd7 10. Be3 a6 11. Qe1 b5 12. a3 Qb8 13. b4 a5 14. Rb1 axb4 15. axb4
Nxd4 16. Bxd4 Bc6 17. Bd3 Qb7 18. Qe2 Ra3 19. e5 dxe5 20. fxe5 Nd5 21. Ne4 Kh8
22. Qh5 g6 23. Qh6 Qb8 24. Rf3 1-0

[Event "BL 9293 Bochum-Kirchheim"]
[Site "?"]
[Date "1993.??.??"]
[Round "?.7"]
[White "Burkart, P."]
[Black "Sonntag, HH."]
[Result "1-0"]
[WhiteElo "2285"]
[BlackElo "2415"]
[PlyCount "49"]
[EventDate "1993.??.??"]

1. d4 Nf6 2. Nf3 e6 3. c4 d5 4. Bg5 Be7 5. e3 h6 6. Bxf6 Bxf6 7. Nc3 O-O 8. Rc1
c6 9. Bd3 Nd7 10. cxd5 exd5 11. h4 Re8 12. g4 Nf8 13. g5 hxg5 14. hxg5 Bxg5 15.
Ne5 Qf6 16. Qh5 g6 17. Qh2 Qg7 18. f4 Bf6 19. Kd2 Bxe5 20. fxe5 Be6 21. Ne2 Nd7
22. Rcg1 Kf8 23. Nf4 g5 24. Nxe6+ fxe6 25. Qf2+ 1-0

[Event "BL 9293 Bielefeld-Sindelfingen"]
[Site "?"]
[Date "1993.??.??"]
[Round "?.1"]
[White "Luther, T."]
[Black "Richter, W."]
[Result "1/2-1/2"]
[WhiteElo "2465"]
[BlackElo "2430"]
[PlyCount "55"]
[EventDate "1993.??.??"]

1. e4 e6 2. d4 d5 3. Nc3 dxe4 4. Nxe4 Bd7 5. Nf3 Bc6 6. Bd3 Nd7 7. O-O Ngf6 8.
Neg5 Bd6 9. Qe2 h6 10. Nh3 Bxf3 11. Qxf3 c6 12. Bf4 Qc7 13. Rfe1 O-O 14. Rad1
Rfe8 15. Bc4 e5 16. dxe5 Nxe5 17. Qb3 Nxc4 18. Qxc4 Bxf4 19. Nxf4 Rxe1+ 20.
Rxe1 b5 21. Qb4 c5 22. Qd2 Rd8 23. Qc1 Qd6 24. g3 c4 25. Ng2 Qd2 26. Qxd2 Rxd2
27. Ne3 Kf8 28. Rd1 1/2-1/2

[Event "BL 9293 Bielefeld-Sindelfingen"]
[Site "?"]
[Date "1993.??.??"]
[Round "?.3"]
[White "Gabriel, C."]
[Black "Bangiev, A."]
[Result "1/2-1/2"]
[WhiteElo "2500"]
[BlackElo "2395"]
[PlyCount "94"]
[EventDate "1993.??.??"]

1. d4 d5 2. c4 c6 3. Nf3 Nf6 4. Nc3 e6 5. cxd5 exd5 6. Bg5 Be7 7. e3 Bf5 8. Bd3
Bxd3 9. Qxd3 Nbd7 10. O-O O-O 11. h3 Nh5 12. Bxe7 Qxe7 13. Ne2 Rfe8 14. Rfc1
Nb6 15. Rab1 Nf6 16. Ne5 Nfd7 17. Nxd7 Qxd7 18. Nf4 Re7 19. b3 Rae8 20. a4 a6
21. Rc5 Qd6 22. Qd1 Nd7 23. Rc2 Nb6 24. Rc3 g6 25. Nd3 Qf6 26. Nf4 Qd6 27. Rc2
Qd7 28. Rc5 Qf5 29. Qc2 Qf6 30. Rc3 Qd6 31. Qd2 Qf6 32. Qc2 Qd6 33. Qd3 Qf6 34.
Rcc1 Qd6 35. Qc2 Qb8 36. Qc3 Nc8 37. b4 Nd6 38. Qc5 Ne4 39. Qc2 Nd6 40. Qc5 Ne4
41. Qc2 Nd6 42. b5 axb5 43. axb5 Nxb5 44. Nxd5 Re6 45. Qb2 Nxd4 46. Qxd4 cxd5
47. Qxd5 R6e7 1/2-1/2

[Event "BL 9293 Bielefeld-Sindelfingen"]
[Site "?"]
[Date "1993.??.??"]
[Round "?.4"]
[White "Panzer, P."]
[Black "Fahnenschmidt, G."]
[Result "1/2-1/2"]
[WhiteElo "2330"]
[BlackElo "2365"]
[PlyCount "35"]
[EventDate "1993.??.??"]

1. d4 Nf6 2. c4 e6 3. Nc3 Bb4 4. Qc2 O-O 5. Nf3 c5 6. dxc5 Na6 7. g3 Nxc5 8.
Bg2 Nce4 9. Bd2 Nxd2 10. Nxd2 d5 11. O-O Bxc3 12. Qxc3 Bd7 13. cxd5 Nxd5 14.
Qb3 Bc6 15. Nc4 Qc7 16. Rac1 Ne7 17. Rfd1 Rfd8 18. Bxc6 1/2-1/2

[Event "BL 9293 Bielefeld-Sindelfingen"]
[Site "?"]
[Date "1993.??.??"]
[Round "?.5"]
[White "Mohr, S."]
[Black "Kassebaum, R."]
[Result "1-0"]
[WhiteElo "2440"]
[BlackElo "2360"]
[PlyCount "69"]
[EventDate "1993.??.??"]

1. d4 Nf6 2. c4 g6 3. Nc3 Bg7 4. e4 d6 5. Be2 O-O 6. Bg5 c5 7. d5 h6 8. Be3 e6
9. Qd2 Kh7 10. h4 exd5 11. cxd5 Ng4 12. Bxg4 Bxg4 13. f3 Bc8 14. h5 g5 15. Nge2
Nd7 16. O-O Ne5 17. b3 f5 18. exf5 Bxf5 19. Ng3 Bd3 20. Rf2 Ba6 21. Rd1 g4 22.
Qc2+ Kh8 23. f4 Qh4 24. Nce4 Nd7 25. Bd2 Kg8 26. Bc3 Bxc3 27. Qxc3 Qe7 28. f5
Qe5 29. Qe3 Nf6 30. Nxf6+ Qxf6 31. Qf4 Kh7 32. Ne4 Qh4 33. g3 Qd8 34. f6 Qd7
35. f7 1-0

[Event "BL 9293 Bielefeld-Sindelfingen"]
[Site "?"]
[Date "1993.??.??"]
[Round "?.6"]
[White "Pohl Kuemmel, JU."]
[Black "Marinkovic, I."]
[Result "1/2-1/2"]
[WhiteElo "2320"]
[BlackElo "2445"]
[PlyCount "70"]
[EventDate "1993.??.??"]

1. d4 Nf6 2. Nf3 c5 3. e3 g6 4. c4 Bg7 5. Be2 O-O 6. O-O e6 7. Nc3 d6 8. b3 b6
9. Bb2 Bb7 10. Qd2 Qe7 11. Rad1 Rd8 12. Qc1 Nbd7 13. Qa1 a6 14. Rd2 cxd4 15.
Nxd4 d5 16. cxd5 exd5 17. Rc1 Rac8 18. Rdc2 Ne5 19. Nd1 Ne8 20. Rxc8 Rxc8 21.
Rxc8 Bxc8 22. Qc1 Bb7 23. Ba3 Qd7 24. h3 b5 25. Qc5 h5 26. Nc3 Nf6 27. f3 Qd8
28. Qe7 Qc8 29. Qc5 Qd8 30. Qe7 Qxe7 31. Bxe7 Nfd7 32. Nd1 Nc6 33. Nxc6 Bxc6
34. Kf2 f5 35. Ba3 d4 1/2-1/2